| 000 | 00769nam a22002057a 4500 | ||
|---|---|---|---|
| 999 |
_c11868 _d11868 |
||
| 008 | 190111b ||||| |||| 00| 0 eng d | ||
| 020 | _a978-1-285-06003-3 | ||
| 082 |
_22016 _aDC 363.25 _bN331 |
||
| 100 |
_aNelson, Bil _933757 |
||
| 245 |
_aGuide to computer forensics and investigations: _bprocessing digital evidences/ _cBil Nelson, Amelia Philips & Christopher Steuart |
||
| 250 | _aFifth Edition | ||
| 260 |
_aBoston, MA. _bCengage Learning, _c©2016 |
||
| 300 |
_axxv, 655 pages: _billustrations; _c22 cm. _e+ CD-ROM |
||
| 500 | _aIncludes glossary and index. | ||
| 650 |
_aComputer crimes _xinvestigations _933758 |
||
| 700 |
_aPhilips, Amelia _c[author] _933759 |
||
| 700 |
_aSteuart, Christopher _c[author] _933760 |
||
| 365 |
_b11,995.00 _cPhp |
||
| 942 |
_2ddc _cDC |
||